Mathematical programs with equilibrium constraints / (Record no. 159874)

MARC details
000 -LEADER
fixed length control field 00818nam a22002658a 4500
008 - FIXED-LENGTH DATA ELEMENTS--GENERAL INFORMATION
fixed length control field
020 ## - INTERNATIONAL STANDARD BOOK NUMBER
International Standard Book Number 0521572908 (hbk.)
049 ## - LOCAL HOLDINGS (OCLC)
Holding library MAIN
090 00 - LOCALLY ASSIGNED LC-TYPE CALL NUMBER (OCLC); LOCAL CALL NUMBER (RLIN)
Classification number (OCLC) (R) ; Classification number, CALL (RLIN) (NR) QA402.5
003 - CONTROL NUMBER IDENTIFIER
control field
005 - DATE AND TIME OF LATEST TRANSACTION
control field 20230123134105.0
040 ## - CATALOGING SOURCE
Transcribing agency NUST
100 1# - MAIN ENTRY--PERSONAL NAME
Personal name Luo, Zhi-Quan.
245 10 - TITLE STATEMENT
Title Mathematical programs with equilibrium constraints /
Statement of responsibility, etc. Zhi-Quan Luo, Jong-Shi Pang and Daniel Ralph.
260 ## - PUBLICATION, DISTRIBUTION, ETC.
Place of publication, distribution, etc. New York :
Name of publisher, distributor, etc. Cambridge University Press,
Date of publication, distribution, etc. c1996.
300 ## - PHYSICAL DESCRIPTION
Extent xxiv, 401 p. ;
Dimensions 24 cm.
500 ## - GENERAL NOTE
General note Includes index.
504 ## - BIBLIOGRAPHY, ETC. NOTE
Bibliography, etc. note Includes bibliographical references.
650 #0 - SUBJECT ADDED ENTRY--TOPICAL TERM
Topical term or geographic name entry element Mathematical optimization.
650 #0 - SUBJECT ADDED ENTRY--TOPICAL TERM
Topical term or geographic name entry element Nonlinear programming.
700 1# - ADDED ENTRY--PERSONAL NAME
Personal name Pang, Jong-Shi.
700 1# - ADDED ENTRY--PERSONAL NAME
Personal name Ralph, Daniel.
907 ## - LOCAL DATA ELEMENT G, LDG (RLIN)
a .b10174746
b 13-10-05
c 08-09-05
942 ## - ADDED ENTRY ELEMENTS (KOHA)
Koha item type Ordinary Loan Books
Call number prefix QA402.5
Holdings
Date last seen Total Checkouts Full call number Barcode Cost, replacement price Price effective from Koha item type Lost status Source of classification or shelving scheme Damaged status Not for loan Collection Withdrawn status Home library Current library Shelving location Date acquired Cost, normal purchase price
01/23/2023 4 QA402.5 LUO 92003014408 80.00 01/23/2023 BOOKS   LCC     NFIC   MAIN MAIN GEN 01/23/2023 80.00